Did These Footballers Ever Play Together? - Part 2 - Statistics

General Stats
  • This quiz has been taken 554 times
    75 since last reset
  • The average score is 12 of 20
Answer Stats
Question Answer % Correct
Giovanni van Bronckhorst & Thierry Henry Yes
77%
Franck Ribery & Leroy Sane No
75%
Radja Naingollan & Javier Zanetti No
74%
Paul Scholes & Juan Mata No
72%
Bastian Schweinsteiger & Memphis Depay Yes
72%
Alessandro del Piero & Paul Pogba No
71%
Samir Nasri & Laurent Koscielny Yes
70%
Joe Cole & Nicolas Anelka Yes
70%
Robinho & Ruud van Nistelrooy Yes
65%
Angel di Maria & Kaka Yes
65%
Clarence Seedorf & Thiago Silva Yes
62%
Henrik Larsson & Luis Figo No
61%
Mario Mandzukic & Jackson Martinez No
61%
Marco Arnautovic & Torsten Frings Yes
61%
Cristiano Ronaldo & Thibaut Courtois No
55%
Klaas Jan Huntelaar & Frenkie de Jong Yes
51%
John Heitinga & Aaron Lennon No
46%
Roy Keane & Michael Carrick No
41%
Marco van Basten & Johann Cruyff Yes
39%
Roque Santa Cruz & Luca Toni No
38%
No matching quizzes found
Score Distribution
Percent of People with Each Score
Percentile by Number Answered
Your Score History
You have not taken this quiz since the last reset